Visualizzazione normale
Vista MARC
- España
di Geographic Name
Records bibliografici associati: 1
001 - CONTROL NUMBER
- control field: 65988
003 - CONTROL NUMBER IDENTIFIER
- control field: IT-RoINE
005 - DATE AND TIME OF LATEST TRANSACTION
- control field: 20200117055611.0
008 - FIXED-LENGTH DATA ELEMENTS
- fixed length control field: 200117|| aca||aabn | a|a d
040 ## - CATALOGING SOURCE
- Original cataloging agency: IT-RoINE
- Transcribing agency: IT-RoINE
151 ## - HEADING--GEOGRAPHIC NAME
- Geographic name: España
- General subdivision: Corte y cortesanos
- General subdivision: Historia
- Chronological subdivision: 1474-1516 (Reyes Católicos)
670 ## - SOURCE DATA FOUND
- Source citation: Work cat.: (IT-RoINE)5477: González Marrero, María del Cristo 11657, La casa de Isabel la Católica :, 2005.